Films se déroulant à New York par images - Statistiques

Statistiques générales
  • Ce quiz a été pris 18 466 fois
  • Le résultat moyen est 9 sur 16
Statistiques - réponses
Par images Hint Réponse % Correct
1972 Le Parrain
92%
1984 S.O.S. Fantômes
88%
1933 King Kong
87%
2013 Le loup de Wall Street
87%
2006 La Nuit au musée
79%
1994 Léon
76%
2006 Le Diable s'habille en Prada
72%
2000 American Psycho
57%
1976 Taxi Driver
48%
1977 La fièvre du samedi soir
42%
1961 West Side Story
38%
1965 Le Gendarme à New York
35%
1984 Il était une fois en Amérique
29%
1990 Les Affranchis
24%
1961 Diamants sur canapé
23%
1988 Un prince à New York
23%
Aucun quiz correspondant
Distribution des résultats
% des personnes avec chaque résultat
Percentile par nombre de réponses
Votre historique - résultats
Vous n’avez pas pris ce quiz